000 00394nam a2200133Ia 4500
008 151001s9999||||xx |||||||||||||| ||und||
100 _aकृष्णा बांदेकर
245 _aखाकेक कळसो व गावाक वळसो
250 _a1
260 _bअनुराधा बांदेकर
260 _c1992
300 _a20
365 _b21
999 _c981983
_d981980